La persona jurídica : (Record no. 59279)

MARC details
000 -LEADER
campo de control de longitud fija 01095nam a2200265 i 4500
001 - NÚMERO DE CONTROL
campo de control 59279
003 - IDENTIFICADOR DE NÚMERO DE CONTROL
campo de control ES-MaACL
005 - FECHA Y HORA DE LA ÚLTIMA TRANSACCIÓN
campo de control 20231215063512.0
007 - CAMPO FIJO DE DESCRIPCIÓN FÍSICA--INFORMACIÓN GENERAL
campo de control de longitud fija t|
008 - DATOS DE LONGITUD FIJA--INFORMACIÓN GENERAL
campo de control de longitud fija 031028s1935 sp ||||1| spa d
040 ## - FUENTE DE CATALOGACIÓN
Centro/agencia transcriptor ES-MaACL
080 ## - NÚMERO DE LA CLASIFICACIÓN DECIMAL UNIVERSAL
Número de la Clasificación Decimal Universal 347.19
100 1# - ENTRADA PRINCIPAL--NOMBRE DE PERSONA
Nombre de persona Eijo y Garay, Leopoldo
9 (RLIN) 46828
Término indicativo de función/relación Autor
245 13 - MENCIÓN DEL TÍTULO
Título La persona jurídica :
Resto del título su concepto filosófico y derechos fundamentales que debe respetar en ella el Estado /
Mención de responsabilidad, etc. discurso leído en el acto de su recepción por Leopoldo Eijo Garay, obispo de Madrid-Alcalá ; contestación de Felipe Clemente de Diego el día 9 de junio de 1935.
260 ## - PUBLICACIÓN, DISTRIBUCIÓN, ETC.
Lugar de publicación, distribución, etc. Madrid :
Nombre del editor, distribuidor, etc. Luz y Vida,
Fecha de publicación, distribución, etc. 1935.
300 ## - DESCRIPCIÓN FÍSICA
Extensión 15 p. ;
Dimensiones 24 cm.
500 ## - NOTA GENERAL
Nota general Precede al tít.: Academia de Ciencias Morales y Políticas.
650 #4 - PUNTO DE ACCESO ADICIONAL DE MATERIA--TÉRMINO DE MATERIA
9 (RLIN) 15979
Término de materia o nombre geográfico como elemento de entrada Personas jurídicas
700 1# - ENTRADA AGREGADA--NOMBRE PERSONAL
Nombre de persona Diego y Gutiérrez, Felipe Clemente de,
Fechas asociadas al nombre 1866-1945
Término indicativo de función/relación Autor
9 (RLIN) 234641
710 2# - ENTRADA AGREGADA--NOMBRE DE ENTIDAD CORPORATIVA
Nombre de entidad corporativa o nombre de jurisdicción como elemento de entrada Real Academia de Ciencias Morales y Políticas (España)
9 (RLIN) 222050
852 ## - LOCALIZACIÓN
Ubicación ES-MaACL
Número de control de estantería 1801-F-3
942 ## - ELEMENTOS DE ENTRADA SECUNDARIOS (KOHA)
Tipo de ítem Koha Libro impreso
Suprimir en OPAC No
Holdings
Estatus retirado Estado de pérdida Estado de daño No para préstamo Colección Biblioteca de origen Biblioteca actual Ubicación en estantería Fecha de adquisición Fuente de adquisición Total de préstamos Signatura topográfica completa Código de barras Visto por última vez Precio de reemplazo Tipo de ítem Koha
        Colección de folletos Biblioteca del Ateneo de Madrid Biblioteca del Ateneo de Madrid Depósito folletos 17/01/2008     1801-F-3 1062181 23/02/2023 23/02/2023 Folleto